| 000 | 00858nam a2200253 a 4500 | ||
|---|---|---|---|
| 005 | 20200104041548.0 | ||
| 008 | 140123b2001 ck ||||| |||| 00| 0 spa d | ||
| 041 | _aspa | ||
| 044 | _ack | ||
| 090 |
_aIAvH _b00314 |
||
| 110 |
_bInstituto de Investigación de Recursos Biológicos Alexander von Humboldt _bUnidad de Producción Audiovisual _92830 |
||
| 245 | _aGema Picachos | ||
| 260 |
_aBogotá _bInstituto Alexander von Humboldt _c2001 |
||
| 300 | _a11 min. | ||
| 650 |
_aBiodiversidad _992204 |
||
| 650 |
_aAreas protegidas _978 |
||
| 650 |
_aParques nacionales naturales _92784 |
||
| 650 |
_aInventarios _992201 |
||
| 650 |
_aCaracterización biológica _92833 |
||
| 650 |
_aBosques altoandinos _92831 |
||
| 662 |
_aColombia _cParque Nacional Natural Cordillera de Los Picachos _bCaquetá, Huila y Meta |
||
| 942 |
_cCD-ROM _2z |
||
| 945 | _d2004-11-03 | ||
| 999 |
_c4241 _d4241 |
||